000 00353nam a2200145Ia 4500
008 210324s9999||||xx |||||||||||||| ||und||
040 _cSTCPL
041 _hHND
082 _a891.432
_bGUP-A
245 0 _aGora
_hगोरा
260 _aPandalam
_bDept Of Biology Nss College
_c1963
300 _aP 128 19 CM
650 _aGeneral
942 _cBK
999 _c10210
_d10210